<?xml version="1.0" encoding="UTF-8"?>
<record
    xmlns:xsi="http://www.w3.org/2001/XMLSchema-instance"
    xsi:schemaLocation="http://www.loc.gov/MARC21/slim http://www.loc.gov/standards/marcxml/schema/MARC21slim.xsd"
    xmlns="http://www.loc.gov/MARC21/slim">

  <leader>00612nam a22002057a 4500</leader>
  <datafield tag="999" ind1=" " ind2=" ">
    <subfield code="c">111383</subfield>
    <subfield code="d">111383</subfield>
  </datafield>
  <controlfield tag="005">20191125082317.0</controlfield>
  <controlfield tag="008">160119b        mx ||||| |||| 00| 0 spa d</controlfield>
  <datafield tag="020" ind1=" " ind2=" ">
    <subfield code="a">9786077792505</subfield>
  </datafield>
  <datafield tag="050" ind1="0" ind2="4">
    <subfield code="a">KGF5819</subfield>
    <subfield code="b">L67 2011</subfield>
  </datafield>
  <datafield tag="100" ind1="1" ind2=" ">
    <subfield code="a">L&#xF3;pez Betancourt, Eduardo</subfield>
  </datafield>
  <datafield tag="245" ind1="1" ind2="0">
    <subfield code="a">Derecho procesal penal</subfield>
    <subfield code="c"> / Eduardo L&#xF3;pez Betancourt.</subfield>
  </datafield>
  <datafield tag="250" ind1=" " ind2=" ">
    <subfield code="a">2a ed.</subfield>
  </datafield>
  <datafield tag="260" ind1=" " ind2=" ">
    <subfield code="a">M&#xE9;xico :</subfield>
    <subfield code="b">IURE editores,</subfield>
    <subfield code="c">2011</subfield>
  </datafield>
  <datafield tag="300" ind1=" " ind2=" ">
    <subfield code="a">xxii, 355 p. ;</subfield>
    <subfield code="c">23 cm.</subfield>
  </datafield>
  <datafield tag="490" ind1="0" ind2=" ">
    <subfield code="a">Textos Jur&#xED;dicos</subfield>
  </datafield>
  <datafield tag="504" ind1=" " ind2=" ">
    <subfield code="a">Bibliograf&#xED;a : p. 333 - 336 e &#xED;ndices</subfield>
  </datafield>
  <datafield tag="650" ind1=" " ind2="7">
    <subfield code="2">lemb</subfield>
    <subfield code="a">Procedimiento penal</subfield>
    <subfield code="z">M&#xE9;xico</subfield>
  </datafield>
  <datafield tag="942" ind1=" " ind2=" ">
    <subfield code="2">lcc</subfield>
    <subfield code="c">LIB</subfield>
  </datafield>
  <datafield tag="952" ind1=" " ind2=" ">
    <subfield code="1">0</subfield>
    <subfield code="2">lcc</subfield>
    <subfield code="4">0</subfield>
    <subfield code="7">0</subfield>
    <subfield code="a">LIC-002</subfield>
    <subfield code="b">LIC-002</subfield>
    <subfield code="c">GENERAL</subfield>
    <subfield code="d">2016-01-19</subfield>
    <subfield code="e">DGB-GENERICO</subfield>
    <subfield code="f">2a ed.</subfield>
    <subfield code="k">CSA</subfield>
    <subfield code="o">KGF5819 L67 r2013 </subfield>
    <subfield code="p">BFD000007192</subfield>
    <subfield code="r">2016-01-19 00:00:00</subfield>
    <subfield code="t">1</subfield>
    <subfield code="v">1.00</subfield>
    <subfield code="y">LIB</subfield>
  </datafield>
  <datafield tag="952" ind1=" " ind2=" ">
    <subfield code="1">0</subfield>
    <subfield code="2">lcc</subfield>
    <subfield code="4">0</subfield>
    <subfield code="7">0</subfield>
    <subfield code="a">LIC-002</subfield>
    <subfield code="b">LIC-002</subfield>
    <subfield code="c">GENERAL</subfield>
    <subfield code="d">2016-01-19</subfield>
    <subfield code="e">DGB-GENERICO</subfield>
    <subfield code="f">2a ed.</subfield>
    <subfield code="k">CSA</subfield>
    <subfield code="o">KGF5819 L67 r2013 </subfield>
    <subfield code="p">BFD000007193</subfield>
    <subfield code="r">2016-01-19 00:00:00</subfield>
    <subfield code="t">2</subfield>
    <subfield code="v">1.00</subfield>
    <subfield code="y">LIB</subfield>
  </datafield>
  <datafield tag="952" ind1=" " ind2=" ">
    <subfield code="1">0</subfield>
    <subfield code="2">lcc</subfield>
    <subfield code="4">0</subfield>
    <subfield code="7">0</subfield>
    <subfield code="a">LIC-002</subfield>
    <subfield code="b">LIC-002</subfield>
    <subfield code="c">GENERAL</subfield>
    <subfield code="d">2016-11-16</subfield>
    <subfield code="e">DGB-GENERICO</subfield>
    <subfield code="f">2a ed.</subfield>
    <subfield code="k">CSA</subfield>
    <subfield code="o">KGF5819 L67 r2013 </subfield>
    <subfield code="p">BFD000008092</subfield>
    <subfield code="r">2016-11-16 00:00:00</subfield>
    <subfield code="t">3</subfield>
    <subfield code="v">1.00</subfield>
    <subfield code="y">LIB</subfield>
  </datafield>
  <datafield tag="952" ind1=" " ind2=" ">
    <subfield code="1">0</subfield>
    <subfield code="2">lcc</subfield>
    <subfield code="4">0</subfield>
    <subfield code="7">0</subfield>
    <subfield code="a">LIC-002</subfield>
    <subfield code="b">LIC-002</subfield>
    <subfield code="c">GENERAL</subfield>
    <subfield code="d">2016-11-16</subfield>
    <subfield code="e">DGB-GENERICO</subfield>
    <subfield code="f">2a ed.</subfield>
    <subfield code="k">CSA</subfield>
    <subfield code="l">1</subfield>
    <subfield code="o">KGF5819 L67 r2013 </subfield>
    <subfield code="p">BFD000008093</subfield>
    <subfield code="r">2025-10-18 09:32:32</subfield>
    <subfield code="s">2025-08-28</subfield>
    <subfield code="t">4</subfield>
    <subfield code="v">1.00</subfield>
    <subfield code="y">LIB</subfield>
  </datafield>
  <datafield tag="952" ind1=" " ind2=" ">
    <subfield code="1">0</subfield>
    <subfield code="2">lcc</subfield>
    <subfield code="4">0</subfield>
    <subfield code="7">0</subfield>
    <subfield code="a">LIC-002</subfield>
    <subfield code="b">LIC-002</subfield>
    <subfield code="c">GENERAL</subfield>
    <subfield code="d">2018-02-16</subfield>
    <subfield code="e">DGB-GENERICO</subfield>
    <subfield code="f">2a ed.</subfield>
    <subfield code="k">CSA</subfield>
    <subfield code="l">4</subfield>
    <subfield code="o">KGF5819 L67 r2013 </subfield>
    <subfield code="p">BFD000009891</subfield>
    <subfield code="r">2026-03-11 17:00:34</subfield>
    <subfield code="s">2026-03-11</subfield>
    <subfield code="t">5</subfield>
    <subfield code="v">1.00</subfield>
    <subfield code="y">LIB</subfield>
  </datafield>
  <datafield tag="952" ind1=" " ind2=" ">
    <subfield code="1">0</subfield>
    <subfield code="2">lcc</subfield>
    <subfield code="4">0</subfield>
    <subfield code="7">0</subfield>
    <subfield code="a">UCIH</subfield>
    <subfield code="b">UCIH</subfield>
    <subfield code="c">GENERAL</subfield>
    <subfield code="d">2019-11-25</subfield>
    <subfield code="e">DGB-GENERICO</subfield>
    <subfield code="f">2a ed.</subfield>
    <subfield code="k">CSA</subfield>
    <subfield code="o">KGF5819 L67 2011</subfield>
    <subfield code="p">BCU000008997</subfield>
    <subfield code="r">2019-11-25 00:00:00</subfield>
    <subfield code="t">C:1</subfield>
    <subfield code="v">364.00</subfield>
    <subfield code="y">LIB</subfield>
  </datafield>
  <datafield tag="952" ind1=" " ind2=" ">
    <subfield code="1">0</subfield>
    <subfield code="2">lcc</subfield>
    <subfield code="4">0</subfield>
    <subfield code="7">0</subfield>
    <subfield code="a">UCIH</subfield>
    <subfield code="b">UCIH</subfield>
    <subfield code="c">GENERAL</subfield>
    <subfield code="d">2019-11-25</subfield>
    <subfield code="e">DGB-GENERICO</subfield>
    <subfield code="f">2a ed.</subfield>
    <subfield code="k">CSA</subfield>
    <subfield code="o">KGF5819 L67 r2013</subfield>
    <subfield code="p">BCU000008998</subfield>
    <subfield code="r">2019-11-25 00:00:00</subfield>
    <subfield code="t">C:1</subfield>
    <subfield code="v">364.00</subfield>
    <subfield code="y">LIB</subfield>
  </datafield>
  <datafield tag="952" ind1=" " ind2=" ">
    <subfield code="1">0</subfield>
    <subfield code="2">lcc</subfield>
    <subfield code="4">0</subfield>
    <subfield code="7">0</subfield>
    <subfield code="a">UCIH</subfield>
    <subfield code="b">UCIH</subfield>
    <subfield code="c">GENERAL</subfield>
    <subfield code="d">2019-11-25</subfield>
    <subfield code="e">DGB-GENERICO</subfield>
    <subfield code="f">2a ed.</subfield>
    <subfield code="k">CSA</subfield>
    <subfield code="o">KGF5819 L67 r2013</subfield>
    <subfield code="p">BCU000008999</subfield>
    <subfield code="r">2019-11-25 00:00:00</subfield>
    <subfield code="t">C:2</subfield>
    <subfield code="v">364.00</subfield>
    <subfield code="y">LIB</subfield>
  </datafield>
</record>
